000 00592nam a2200241 a 4500
001 nice12345678
003 IN_TiNIC
005 20260116013344.0
008 050524s1997 dela grp 000 0 eng
020 _a
_c200
082 0 0 _a909.097671
_bIQB
100 _aIqbal, Afzal
245 _aContemporary Muslim Nworld
260 _aDelhi
_bAdam Publishers
_c1997
300 _a485p
500 _aincludes index and biblioraphy
505 2 _aNotes, Bibliography, Index
650 _aIslamic-Countries
700 1 _aIqbal, Afzal
902 _bSRS
942 _cBK
999 _c10683
_d10683